Praca i zabezpieczenie spoleczne

Saved in:
Bibliographic Details
Format: Serial
Language:Polish
Published: Warszawa Wydawnictwo ekonomiczne 1992
Tags: Add Tag
No Tags, Be the first to tag this record!

MARC

LEADER 00000nas2a2200000 4500
001 s016405
005 20250619124859.0
022 |a 0032-6186 
041 0 |a pol 
044 |a PL 
245 1 0 |a Praca i zabezpieczenie spoleczne 
264 1 |a Warszawa  |b Wydawnictwo ekonomiczne  |c 1992 
300 |a 1 zv.